| 000 | 00718nam a22002537a 4500 | ||
|---|---|---|---|
| 001 | 37609 | ||
| 003 | BD-RjUL | ||
| 005 | 20211209052628.0 | ||
| 008 | 140206s1993 ii ||||| |||| 001 0 eng d | ||
| 020 | _a8120407989 | ||
| 035 | _a(BD-RjUL)37713 | ||
| 040 |
_aBD-RjUL _beng _cBD-RjUL _dBD-RjUL |
||
| 041 | _aeng | ||
| 082 | 0 | 4 |
_222 _a632.952 _bNEF 1993 |
| 100 | 1 |
_aNene, Y. L. , _945008 |
|
| 245 |
_aFungicides in plant disease control / _cY. L. Nene and P. N. Thapliyal. |
||
| 250 | _a3rd ed. | ||
| 260 |
_aNew Delhi : _bOxford & IBH pub, _c1993. |
||
| 300 |
_aix, 691 p. : _bill. ; _c25 cm. |
||
| 504 | _aIncludes index. | ||
| 650 | 7 |
_aFungicides. _943570 |
|
| 700 | 1 |
_aThapliyal, N. P. , _945009 |
|
| 942 |
_2ddc _cBK |
||
| 999 |
_c37609 _d37609 |
||